A foundation Course in Human Values and Professional Ethics (Record no. 12072)

MARC details
000 -LEADER
fixed length control field 00405nam a22001697a 4500
003 - CONTROL NUMBER IDENTIFIER
control field OSt
008 - FIXED-LENGTH DATA ELEMENTS--GENERAL INFORMATION
fixed length control field 230915b |||||||| |||| 00| 0 eng d
020 ## - INTERNATIONAL STANDARD BOOK NUMBER
International Standard Book Number 9789387034471
082 ## - DEWEY DECIMAL CLASSIFICATION NUMBER
Classification number 170 GAA
100 ## - MAIN ENTRY--PERSONAL NAME
Personal name GAUR,RR
245 ## - TITLE STATEMENT
Title A foundation Course in Human Values and Professional Ethics
250 ## - EDITION STATEMENT
Edition statement 2nd Ed
260 ## - PUBLICATION, DISTRIBUTION, ETC. (IMPRINT)
Place of publication, distribution, etc New Delhi
Name of publisher, distributor, etc Excel
Date of publication, distribution, etc 2019
300 ## - PHYSICAL DESCRIPTION
Extent 348
650 ## - SUBJECT ADDED ENTRY--TOPICAL TERM
Topical term or geographic name as entry element Math
942 ## - ADDED ENTRY ELEMENTS (KOHA)
Source of classification or shelving scheme Dewey Decimal Classification
Koha item type Text Books
Holdings
Withdrawn status Lost status Source of classification or shelving scheme Damaged status Not for loan Collection code Home library Current library Date acquired Source of acquisition Currency Cost, normal purchase price Bill Number Total Checkouts Full call number Acc. no. / Barcode Date last seen Actual Cost, discounted price Bill Date Koha item type Date last borrowed
    Dewey Decimal Classification     BCA PIET C-LIBRARY PIET C-LIBRARY 06/09/2023 Kriti Prakashan In Rupees 395.00 IN927   170 GAA BC2004 15/09/2023 272.50 06/09/2023 Text Books  
    Dewey Decimal Classification     BCA PIET C-LIBRARY PIET C-LIBRARY 06/09/2023 Kriti Prakashan In Rupees 395.00 IN927 1 170 GAA BC2005 05/03/2024 272.50 06/09/2023 Text Books 18/09/2023
    Dewey Decimal Classification     BCA PIET C-LIBRARY PIET C-LIBRARY 06/09/2023 Kriti Prakashan In Rupees 395.00 IN927 3 170 GAA BC2006 24/06/2025 272.50 06/09/2023 Text Books 17/06/2025
    Dewey Decimal Classification     BCA PIET C-LIBRARY PIET C-LIBRARY 06/09/2023 Kriti Prakashan In Rupees 395.00 IN927 1 170 GAA BC2007 16/05/2024 272.50 06/09/2023 Text Books 03/05/2024
    Dewey Decimal Classification     BCA PIET C-LIBRARY PIET C-LIBRARY 06/09/2023 Kriti Prakashan In Rupees 395.00 IN927 4 170 GAA BC2008 20/06/2025 272.50 06/09/2023 Text Books 17/06/2025
    Dewey Decimal Classification     BCA PIET C-LIBRARY PIET C-LIBRARY 06/09/2023 Kriti Prakashan In Rupees 395.00 IN927 3 170 GAA BC2009 21/03/2025 272.50 06/09/2023 Text Books 20/03/2025
    Dewey Decimal Classification     BCA PIET C-LIBRARY PIET C-LIBRARY 06/09/2023 Kriti Prakashan In Rupees 395.00 IN927 3 170 GAA BC2010 20/06/2025 272.50 06/09/2023 Text Books 17/06/2025
    Dewey Decimal Classification     BCA PIET C-LIBRARY PIET C-LIBRARY 06/09/2023 Kriti Prakashan In Rupees 395.00 IN927 2 170 GAA BC2011 05/07/2024 272.50 06/09/2023 Text Books 25/06/2024
    Dewey Decimal Classification     BCA PIET C-LIBRARY PIET C-LIBRARY 06/09/2023 Kriti Prakashan In Rupees 395.00 IN927 4 170 GAA BC2012 11/08/2025 272.50 06/09/2023 Text Books 22/03/2024
    Dewey Decimal Classification     BCA PIET C-LIBRARY PIET C-LIBRARY 06/09/2023 Kriti Prakashan In Rupees 395.00 IN927 1 170 GAA BC2013 24/03/2025 272.50 06/09/2023 Text Books 20/03/2025

Design & Developed by: PIET Central Library
R70 Miles Stone Pattikalyana Samalkha Panipat 132102
mail ID :- [email protected], Phone No:- 0180-2569700 Ex.216